Az önkéntesek szerepe a Motiváció Tanodák működésében

Elmentve itt :
Bibliográfiai részletek
Szerzők: Szűcs Norbert
Fejes József Balázs
Mutier Uszáma
Dokumentumtípus: Cikk
Megjelent: 2024
Sorozat:ÖNKÉNTES SZEMLE 4 No. 1
Tárgyszavak:
mtmt:34748018
Online Access:http://publicatio.bibl.u-szeged.hu/35454
LEADER 00755nab a2200217 i 4500
001 publ35454
005 20250109092354.0
008 250109s2024 hu o 000 hun d
022 |a 2786-0620 
024 7 |a 34748018  |2 mtmt 
040 |a SZTE Publicatio Repozitórium  |b hun 
041 |a hun 
100 1 |a Szűcs Norbert 
245 1 3 |a Az önkéntesek szerepe a Motiváció Tanodák működésében  |h [elektronikus dokumentum] /  |c  Szűcs Norbert 
260 |c 2024 
300 |a 82-102 
490 0 |a ÖNKÉNTES SZEMLE  |v 4 No. 1 
650 4 |a Oktatástudomány 
700 0 1 |a Fejes József Balázs  |e aut 
700 0 1 |a Mutier Uszáma  |e aut 
856 4 0 |u http://publicatio.bibl.u-szeged.hu/35454/1/SZC5B0CS_FEJES_MUTIER_C396SZ_2024_01_82_102.pdfphc1dfee6cd5  |z Dokumentum-elérés